Consecuencias antropológicas e incidencias políticas del pecado original (Registro nro. 49888)
[ vista simple ]
| 000 -LÍDER | |
|---|---|
| Campo fijo de descripción fija | 01079aab a2200193 i 4500 |
| 001 - NÚMERO DE CONTROL | |
| Campo de control | 768714001 |
| 003 - IDENTIFICADOR DEL NÚMERO DE CONTROL | |
| Campo de control | CO-MdFUSB |
| 005 - FECHA Y HORA DE LA ULTIMA TRANSACCIÓN | |
| control field | 20221115161949.0 |
| 008 - ELEMENTOS DE LONGITUD FIJA -- INFORMACIÓN GENERAL | |
| Campo fijo de descripción fija -- Información general | 221115s2004 sp ||||| |||| 00| 0 spa d |
| 040 ## - FUENTE DE CATALOGACIÓN | |
| Idioma de catalogación | spa |
| Agencia que realiza la transcripción | CO-MdFUSB |
| Agencia que realiza la modificación | CO-MdFUSB |
| 041 ## - CÓDIGO DE IDIOMA | |
| Código de idioma para texto/pista de sonido o título separado | spa |
| 100 1# - ASIENTO PRINCIPAL--NOMBRE PERSONAL | |
| Nombre personal | Boureux, Christophe |
| Término relacionador | autor |
| 245 10 - TÍTULO | |
| Título | Consecuencias antropológicas e incidencias políticas del pecado original |
| Mención de responsabilidad | / Christophe Boureux |
| 300 ## - DESCRIPCIÓN FÍSICA | |
| Extensión | Numero 304 (2004), Páginas 93 - 103 |
| Dimensiones | ; 21 cm |
| 520 ## - NOTA DE RESUMEN, ETC. | |
| Nota de sumario, etc. | Para esclarecer el sentido de la doctrina del pecado original, las reflexiones que siguen parte la siguiente pregunta: "¿a quien beneficia"? Nuestro planteamiento tendrá por objeto los efectos de la doctrina del pecado original ; actuaremos como un policía que carece totalmente de cualquier indicio sobre el autor y el móvil del crimen: "¿a quien beneficia este crimen" ¿Qué debemos entender en la pregunta por "el beneficiario del pecado original?¨ |
| 653 ## - TÉRMINO DE INDIZACIÓN - NO CONTROLADO | |
| Término no controlado | Pecado original |
| 773 0# - ASIENTO DE ITEM FUENTE | |
| Título | Concilium |
| Biblionumber | 49450 |
| Itemnumber | 60411 |
| Parte(s) relacionada(s) / Volumen., número. (mes año), páginas | Numero 304 (2004), Páginas 93 - 103 |
| Enumeración y primera página | Páginas 93 |
| 942 ## - TIPO DE MATERIAL (KOHA) | |
| Tipo de Item KOHA | Artículos de Revista |
No hay ítems disponibles.
